000 00623cam a22002293a 4500
001 30817
003 PGUSA
005 20140828083651.0
008 091231s2009||||xxu|||||s|||||000 1 eng d
040 _aPGUSA
_beng
042 _adc
050 4 _aPR
100 1 _aAyres, Ruby M.
_q(Ruby Mildred),
_d1883-1955
245 1 4 _aThe Beggar Man
_h[electronic resource] /
_cRuby M. Ayres
260 _bProject Gutenberg,
_c2009
506 _aPublic domain in the USA.
516 _aElectronic text
653 _aFiction
830 0 _aProject Gutenberg
_v30817
856 4 0 _uhttp://www.gutenberg.org/ebooks/30817
942 _cEB
999 _c260072
_d260072